Państwa Ameryki Południowej i Północnej nie zakończone na -a. - Statystyki

Ogólne statystyki
  • Ten quiz został rozwiązany 50 razy
  • Średni wynik to 14 z 17
Statystyki odpowiedzi
Kontynent Państwo % Poprawnych
Ameryka Południowa Chile
95%
Ameryka Północna Meksyk
90%
Ameryka Południowa Peru
90%
Ameryka Północna Stany Zjednoczone
90%
Ameryka Południowa Urugwaj
90%
Ameryka Południowa Ekwador
85%
Ameryka Południowa Paragwaj
85%
Ameryka Południowa Surinam
85%
Ameryka Północna Haiti
83%
Ameryka Północna Salwador
80%
Ameryka Północna Belize
78%
Ameryka Północna Bahamy
75%
Ameryka Północna Honduras
75%
Ameryka Południowa Trynidad i Tobago
75%
Ameryka Północna Barbados
70%
Ameryka Północna Saint Vincent i Grenadyny
70%
Ameryka Północna Saint Kitts i Nevis
63%
Nie znaleziono quizów pasujących do podanych kryteriów
Rozkład punktacji
Procent ludzi z każdym wynikiem
Percentyl według liczby udzielonych odpowiedzi
Twoja historia wyników
Nie rozwiązałeś tego quizu